Salud: responsabilidad compartida

Đã lưu trong:
Chi tiết về thư mục
Định dạng: Texto
Những chủ đề:
Các nhãn: Thêm thẻ
Không có thẻ, Là người đầu tiên thẻ bản ghi này!

MARC

LEADER 00000 a a2200000 04500
001 6232
003
040
245 |a Salud:   |b responsabilidad compartida  
650 |a SALUD  
650 |a RESPONSABILIDAD  
650 |a GOBIERNO  
650 |a HOSPITALES  
650 |a ADMINISTRACION DE LA SALUD  
650 |a CONFLICTOS SOCIALES  
773 |g volumen 18, número 806; páginas 10-11  
999 |c 38199  |d 38199